| 000 | 01117nam a22002777a 4500 | ||
|---|---|---|---|
| 999 |
_c21482 _d21482 |
||
| 003 | AR-CdUCM | ||
| 008 | 190228b ||||| |||| 00| 0 spa d | ||
| 020 | _a9789972513305 | ||
| 040 |
_aMUNICIPALIDAD PROVINCIAL DEL CUSCO _cBIBLIOTECA MUNICIPAL DEL CUSCO |
||
| 082 |
_a362.10425/E96 _bE96 |
||
| 100 |
_aEwig, Christina _944977 |
||
| 245 |
_aNeoliberalismo de la segunda ola : _bgénero, raza y reforma del sector salud en el Perú / _cChristina Ewig ; traducción del inglés, Aroma de la Cadena |
||
| 260 |
_aLima : _bInstituto de Estudios Peruanos, _c2012. |
||
| 300 |
_a350 páginas. : _c21 cm. |
||
| 440 |
_aSerie Salud y Sociedad, _n3. _944978 |
||
| 500 |
_zBibliografía: p. [335]-350 _aTraducción de: Second wave neoliberaslism: gender, race, and health sector reform in Peru |
||
| 650 |
_aSalud pública _96404 |
||
| 650 |
_aAcceso a los servicios de salud _944979 |
||
| 650 |
_aMujeres _93760 |
||
| 650 |
_aEsterilización de la mujer _944980 |
||
| 650 |
_aNeoliberalismo _944981 |
||
| 650 |
_aPerú _944982 |
||
| 710 |
_aInstituto de Estudios Peruanos _936 |
||
| 942 |
_2ddc _cLIBROS |
||
| 945 | _aRoel | ||